| 000 | 00884nam a2200205Ia 4500 | ||
|---|---|---|---|
| 999 |
_c39485 _d39485 |
||
| 001 | 6079 | ||
| 003 | GE_BSU | ||
| 005 | 20190925150644.0 | ||
| 008 | 181216s1939||||ge |||||||||||||| ||geo|| | ||
| 040 | _cGE_BSU | ||
| 041 | _ageo | ||
| 080 | _a821.353.1-1 ა-83 | ||
| 245 |
_aარსენას ლექსი და კაკო ყაჩაღი / _cრედ. დ. ბენაშვილი ; რედაქცია, წინასიტყვაობა და შენიშვნები პლატონ კეშელავასი. |
||
| 264 |
_aთბილისი : _bფედერაცია ; _c1939. |
||
| 300 |
_a131 გვ. ; _c15 სმ. |
||
| 653 | _aარსენას ლექსი | ||
| 653 | _aკაკო ყაჩაღი | ||
| 700 |
_aბენაშვილი, დ. _eრედაქტორი _94319 |
||
| 942 |
_cBK _2udc |
||